000 00721nam a22001937a 4500
999 _c13821
_d13821
003 AR-CdUCM
008 190416b ||||| |||| 00| 0 spa d
040 _aMUNICIPALIDAD PROVINCIAL DEL CUSCO
_cBIBLIOTECA MUNICIPAL DEL CUSCO
082 _a868.6 /
_bJ53 / 1948
100 _aJiménez, Juan Ramón
_912934
245 _aDiario de poeta y mar /
260 _aBuenos Aires :
_bLosada,
_c1948.
300 _a188 páginas ;
_c18 cm.
505 _aContenido: Hacia el mar -- El amor en el mar -- América del este -- Mar de retorno -- España -- Recuerdos de américa del este escritos en España ...
650 _aPoesías
_92272
650 _aLiteratura Española
_9612
942 _2ddc
_cLIBROS
945 _acmm
_d2019-04-16